Personnalités de A à Z (2) - Statistiques

Statistiques générales
  • Ce quiz a été pris 94 fois
  • Le résultat moyen est 8 sur 24
Statistiques - réponses
Par images Réponse % Correct
Bill {Clinton}
99%
Bruno {Le Maire}
87%
Bernard {Arnaud}
73%
Benoit {Poelvoorde}
63%
Bernard {Blier}
55%
Boris {Eltsine}
55%
Boris {Vian}
50%
Bertrand {Delanoë}
44%
Brian {Joubert}
40%
Brigitte {Fossey}
33%
Billy {Idol}
31%
Bertrand du {Guesclin}
28%
Bernadette {Soubirous}
26%
Billie {Holiday}
23%
Benjamin {Millepied}
22%
Bertrand {Tavernier}
19%
Brian {O'Driscoll}
18%
Billy {Wilder}
14%
Bernard {Rapp}
13%
Billy {Zane}
10%
Bernard {Yerlès}
9%
Boris {Karloff}
9%
Béatrice {Nicodème}
0%
Benjamin {Ulmann}
0%
Aucun quiz correspondant
Distribution des résultats
% des personnes avec chaque résultat
Percentile par nombre de réponses
Votre historique - résultats
Vous n’avez pas pris ce quiz